| 000 | 00000nam##2200000za#4500 |
| 001 | 9.617067 |
| 003 | CaOODSP |
| 005 | 20210615101938 |
| 007 | ta |
| 008 | 150406|2004||||xxc||||| f|0| 0 eng|d |
| 022 | |a0706-6473 |
| 040 | |aCaOODSP|beng |
| 043 | |an-cn--- |
| 086 | 1 |aFs97-4/2677E |
| 110 | 1 |aCanada. |bDepartment of Fisheries and Oceans. |
| 245 | 10|aCatch and release mortality rates for coho salmon captured on motor-mooched cut-plug herring near Work Channel, British Columbia, in 1998 / |cby S. Cox-Rogers. |
| 260 | |bFisheries and Oceans Canada |c2004. |
| 300 | |avii, 28p. : |bfigs., graphs, references, tables ; |c28 cm. |
| 490 | 1 |aCanadian manuscript report of fisheries and aquatic sciences|x0706-6473|v2677 |
| 500 | |aOn title page: Fisheries and Oceans Canada, Science Branch, Pacific Region, 417 2nd Avenue West, Prince Rupert, British Columbia, V8J 1G8. |
| 520 | 3 |aThis report is part of a series that contains scientific and technical information that contributes to existing knowledge but deals with national or regional problems. They are distributed to institutions and individuals in the relevant areas of Canada. The subject matter reflects the interests and policies of the Department of Fisheries and Oceans. |
| 546 | |a(Résumés en français.) |
| 563 | |aSoftcover |
| 590 | |a04-36|b2004-09-03 |
| 720 | 1 |aCox-Rogers, S. |
| 776 | 0#|tCatch and release mortality rates for coho salmon captured on motor-mooched cut-plug herring near Work Channel, British Columbia, in 1998 / |w(CaOODSP)9.579982 |
| 830 | #0|aCanadian manuscript report of fisheries and aquatic sciences,|x0706-6473|v2677|w(CaOODSP)9.514688 |